| 000 | 01305nam a2200313 a 4500 | ||
|---|---|---|---|
| 999 |
_c2769 _d2769 |
||
| 006 | a||||go||d| 00| 0 | ||
| 007 | cr ||||||||||| | ||
| 008 | 861201s1975 enka o 001 0 eng d | ||
| 020 |
_a9780080197302 _c(ebook) |
||
| 040 |
_aKO _beng |
||
| 082 | 0 | 0 |
_a363.6 _223 |
| 245 | 0 | 0 |
_aMarine pollution and marine waste disposal : _bproceedings of the 2nd international congress, San Remo, 17-21 December, 1973 / _cedited by E. A. Pearson and E. De Fraja Frangipane. |
| 250 | _a1st ed. | ||
| 260 |
_aLondon : _bPergamon Press, _c1975. |
||
| 300 | _a1 online resource | ||
| 490 | 1 | _aSupplement to Progress in water technology | |
| 500 | _a"Sponsored jointly by the universities of Milan (Politecnico) and California, by the National Association of Sanitary Engineers of Italy (ANDIS), and WHO, as well as by IAWPR." | ||
| 504 | _aIncludes bibliographical references and indexes. | ||
| 650 | 0 |
_aWaste disposal in the ocean _xCongresses. |
|
| 650 | 0 |
_aMarine pollution _xCongresses. |
|
| 700 | 1 |
_aPearson, E. A. _q(Erman A.) _eedt |
|
| 700 | 2 |
_aDe Fraja Frangipane, Eugenio. _eedt |
|
| 710 | 2 | _aPolitecnico di Milano. | |
| 830 | 0 | _aProgress in water technology : Supplement. | |
| 856 | 4 | 0 | _uhttps://www.sciencedirect.com/science/book/9780080197302 |
| 904 | _aA_BOSE | ||
| 942 | _cEB | ||